| 000 | 00530 a2200169 4500 | ||
|---|---|---|---|
| 020 | _a012185860X | ||
| 020 | _a9780121858605 | ||
| 082 | _a516.35 | ||
| 090 |
_c985 _d985 |
||
| 100 | 1 | _aConnes, Alain. | |
| 245 | 1 | 0 |
_aNoncommutative geometry / _cAlain Connes. |
| 260 |
_a[S.l.] : _bAcademic Press, _c1994. |
||
| 300 |
_a661 p. ; _c26 cm. |
||
| 700 | _aConnes, Alain. | ||
| 942 |
_aSNS _cBK _k516.35 CON |
||
| 999 |
_c29604 _d29604 |
||